| 000 | 00834cam a2200253 a 4500 | ||
|---|---|---|---|
| 999 |
_c330030 _d330030 |
||
| 001 | 1790297 | ||
| 003 | NUST | ||
| 005 | 20170613092741.0 | ||
| 008 | 810904s1976 pk 000 0 arao | ||
| 010 | _a 77939119 | ||
| 040 |
_aDLC _cDLC _dDLC |
||
| 041 | 1 | _aaraurd | |
| 043 | _aa-is--- | ||
| 050 | 0 | 0 |
_aPJ8190.P3 _bA54 |
| 082 |
_a891.4391 _bAMJ |
||
| 100 | 1 |
_aAmjad, Amjad Islām, _d1944- _91998 |
|
| 245 | 1 | 0 |
_aʻAks : _bjadīd ʻArabī naẓmon̲ kā manẓūm tarjumah / _cAmjad Islām Amjad. |
| 260 |
_aLāhore : _bMajlis-i Taraqqī-yi Adab, _c1976. |
||
| 300 |
_a112 p. ; _c21 cm. |
||
| 500 | _aPoems. | ||
| 500 | _aIn Urdu. | ||
| 650 | 0 |
_aArabic poetry _zPalestine _xTranslations into Urdu. _92003 |
|
| 650 | 0 |
_aArabic poetry _y20th century _xTranslations into Urdu. _92004 |
|
| 880 |
_aعکس _6245-02\(3\r _cامجد اسلام امجد |
||
| 880 |
_aامجد اسلام امجد _6100-01\(3\r |
||
| 880 |
_aلاہور: _6260-03\(3\r _bسنگ میل پبلی کیشنز، _c1991. |
||
| 906 |
_a7 _bcbc _corignew _d4 _encip _f19 _gy-gencatlg |
||
| 942 |
_2ddc _cBK |
||